Word Ladder: '80s Female Rockers Quiz Stats

 Plays Quiz Updated Jul 19, 2014

Support Sporcle.
Go Orange.
Score 0/22 Timer 03:00
2 Plays Today
Clue 4-Letter Word % Correct
80s rock artist: ____ Turner★TINA★
98.5%
____ coladaPINA
98.4%
Greek breadPITA
93.4%
Metal containersTINS
93.3%
Teacher's favouritesPETS
91.7%
Large quantityTONS
90.4%
NFL Team: New York ____JETS
89.3%
TokenCOIN
83.3%
UniteJOIN
83%
Bank offeringLOAN
82.9%
Farm enclosuresPENS
82.7%
Clue 4-Letter Word % Correct
80s rock artist: ____ [rung 22]★JOAN★
77.5%
SwindlesCONS
73.6%
80s rock artist: [rung 11] ____★JETT★
71.9%
NoblemanLORD
67.6%
Direct a helmsmanCONN
64.7%
Ward offFEND
61.8%
DesolateLORN
60.9%
AnticipatePEND
59%
AffectionateFOND
57.9%
80s rock artist: [rung 1] ____★FORD★
53.9%
80s rock artist: ____ [rung 15]★LITA★
39.7%

Today's Daily Dose

You're not logged in!

Compare scores with friends on all Sporcle quizzes.
OR
Log In

From the Vault

Microstate Profiles

by lukebradford

They're not micro, they're just area-deficient.
Remove Ads.
Support Sporcle.
Get the best of Sporcle when you Go Orange. This ad-free experience offers more features, more stats, and more fun while also helping to support Sporcle. Thank you for becoming a member.

Show Comments

Extras

Top Quizzes Today


Score Distribution

Your Account Isn't Verified!

In order to create a playlist on Sporcle, you need to verify the email address you used during registration. Go to your Sporcle Settings to finish the process.

Report this User

Report this user for behavior that violates our Community Guidelines.

Details: